000 00232nam a2200097Ia 4500
008 170627s9999 xx 000 0 und d
100 _aSINGHAL-A.K.
245 0 _aBASIC COSTING THEORY & PRACTICE
260 _bVAYA EDUCATION
260 _c2008
546 _aENGLISH
999 _c35754
_d35754